[Event "BL 1112 SK König Tegel - SC Remagen"]
[Site "Dresden"]
[Date "2012.03.17"]
[Round "12.3"]
[White "Goloshchapov, Alexander"]
[Black "Richter, Michael"]
[Result "1/2-1/2"]
[WhiteElo "2580"]
[BlackElo "2484"]
[PlyCount "299"]
[EventDate "2011.10.14"]

1. d4 d5 2. c4 c6 3. Nc3 dxc4 4. e3 b5 5. a4 b4 6. Ne4 Qd5 7. f3 e5 8. Qc2 Ba6
9. Nh3 Nd7 10. Nd2 b3 11. Qc3 exd4 12. exd4 c5 13. Bxc4 Bxc4 14. Qxc4 Qxc4 15.
Nxc4 cxd4 16. Bf4 Nc5 17. O-O-O Ne6 18. Kb1 Nf6 19. Rd3 Be7 20. Nd6+ Bxd6 21.
Bxd6 Rd8 22. Ba3 Nd5 23. Rxb3 Nb6 24. Rc1 d3 25. Nf2 d2 26. Rd1 Nc4 27. Rc3
Nxa3+ 28. Rxa3 Ke7 29. Nd3 Rd4 30. Rxd2 Rhd8 31. Kc2 Kf6 32. Rf2 Rc8+ 33. Kb1
Rcd8 34. Kc2 Rc8+ 35. Kb1 Rcd8 36. Nc1 Rd2 37. Re2 Nf4 38. Rxd2 Rxd2 39. g3 Ne6
40. h4 h5 41. Re3 Nd4 42. f4 g6 43. b4 Nf5 44. Rc3 Rg2 45. Rc6+ Kg7 46. Ra6
Rxg3 47. Rxa7 Rf3 48. b5 Rxf4 49. Nd3 Rd4 50. Kc2 g5 51. b6 Rd8 52. Ne5 Nd6 53.
hxg5 h4 54. a5 h3 55. Nf3 Rb8 56. Kd3 Nc8 57. Rc7 Nxb6 58. axb6 Rxb6 59. Ne5
Re6 60. Ke4 Kg8 61. Rc8+ Kg7 62. Rc7 Kg8 63. Kf5 h2 64. Rc1 Ra6 65. Ng4 Ra5+
66. Kf4 Ra2 67. Nf6+ Kg7 68. Nh5+ Kf8 69. Ng3 Ra4+ 70. Ne4 Kg7 71. Rb1 Rb4 72.
Rc1 Ra4 73. Rd1 Rb4 74. Re1 Ra4 75. Rb1 Rb4 76. Ra1 Ra4 77. Rd1 Rb4 78. Rh1 Rb2
79. Kg3 Kg6 80. Rf1 Rb4 81. Kf4 Ra4 82. Rh1 Ra2 83. Rd1 Ra4 84. Rd6+ Kg7 85.
Rd1 Rb4 86. Kf3 Rb2 87. Kg3 Ra2 88. Rf1 Ra4 89. Kf4 Rb4 90. Kf5 Rb5+ 91. Kg4
Rb4 92. Kf3 Rb2 93. Rc1 Rc2 94. Rd1 Ra2 95. Kg3 Rb2 96. Rf1 Ra2 97. Kh3 Ra4 98.
Ng3 Kg6 99. Kxh2 Kxg5 100. Rxf7 Ra2+ 101. Kh3 Ra3 102. Rf5+ Kg6 103. Rb5 Kf6
104. Kg4 Ra4+ 105. Kf3 Ke6 106. Ne4 Ra1 107. Ke3 Re1+ 108. Kd3 Rd1+ 109. Kc4
Rc1+ 110. Nc3 Rh1 111. Kd4 Ra1 112. Re5+ Kd7 113. Kc5 Rc1 114. Re3 Rc2 115. Kb6
Rb2+ 116. Nb5 Rb1 117. Re5 Rb2 118. Kc5 Rc2+ 119. Kd5 Rd2+ 120. Nd4 Ra2 121.
Nb3 Kc7 122. Re7+ Kb6 123. Re6+ Kc7 124. Rc6+ Kd7 125. Re6 Kc7 126. Re7+ Kb6
127. Nd4 Rd2 128. Rh7 Rd1 129. Rg7 Rd2 130. Rg6+ Kc7 131. Kc5 Kd7 132. Rg7+ Ke8
133. Kd5 Kf8 134. Ra7 Rd1 135. Ke5 Re1+ 136. Kf6 Ke8 137. Nc6 Rf1+ 138. Ke6 Kf8
139. Ne5 Re1 140. Rf7+ Ke8 141. Rh7 Kd8 142. Ra7 Re2 143. Rg7 Re1 144. Kd6 Rd1+
145. Kc5 Rc1+ 146. Nc4 Ke8 147. Ra7 Kf8 148. Kd5 Rd1+ 149. Ke6 Rc1 150. Ne5
1/2-1/2

[Event "BL 1112 SK König Tegel - SC Remagen"]
[Site "Dresden"]
[Date "2012.03.17"]
[Round "12.4"]
[White "Muse, Mladen"]
[Black "Dgebuadze, Alexandre"]
[Result "1/2-1/2"]
[WhiteElo "2443"]
[BlackElo "2544"]
[PlyCount "74"]
[EventDate "2011.10.14"]

1. d4 e6 2. Nf3 Nf6 3. e3 b6 4. Bd3 Bb7 5. O-O d6 6. c4 Nbd7 7. Nc3 g6 8. Ng5
Bg7 9. f4 O-O 10. e4 e5 11. fxe5 dxe5 12. d5 Qe7 13. Kh1 Nh5 14. Nh3 Nc5 15.
Bg5 f6 16. Be3 Bc8 17. Be2 Bxh3 18. Bxh5 Bd7 19. Bf3 a5 20. Nb5 Bxb5 21. cxb5
Nb7 22. Qc2 Nd6 23. Rac1 Ra7 24. a4 f5 25. g3 Rf7 26. exf5 gxf5 27. Rf2 Kh8 28.
Bh5 Rf8 29. Qd1 f4 30. Bd2 Raa8 31. Qe2 fxg3 32. Rxf8+ Rxf8 33. hxg3 Nf5 34.
Kg2 Bh6 35. Bxh6 Nxh6 36. Rc6 Rf6 37. Bg4 Rxc6 1/2-1/2

[Event "BL 1112 SK König Tegel - SC Remagen"]
[Site "Dresden"]
[Date "2012.03.17"]
[Round "12.5"]
[White "Bok, Benjamin"]
[Black "Von Herman, Ulf"]
[Result "1/2-1/2"]
[WhiteElo "2488"]
[BlackElo "2419"]
[PlyCount "68"]
[EventDate "2011.10.14"]

1. e4 c6 2. d4 d5 3. e5 Bf5 4. Nf3 e6 5. Be2 Ne7 6. c3 Nd7 7. O-O c5 8. dxc5
Nc6 9. Nd4 Bxb1 10. Rxb1 Bxc5 11. b4 Bb6 12. f4 O-O 13. Kh1 Qe7 14. Nf3 f6 15.
exf6 Nxf6 16. Bd3 e5 17. b5 e4 18. bxc6 exf3 19. Qxf3 bxc6 20. c4 Ne4 21. cxd5
cxd5 22. Bb2 Rad8 23. Rbd1 Qb4 24. Be5 Rde8 25. Qh3 Qa4 26. Bxe4 dxe4 27. Rfe1
Rf7 28. Rc1 Qxa2 29. Rxe4 Qd2 30. Rec4 Qd7 31. Rc8 Rxc8 32. Rxc8+ Bd8 33. Qxd7
Rxd7 34. g4 Kf7 1/2-1/2

[Event "BL 1112 SK König Tegel - SC Remagen"]
[Site "Dresden"]
[Date "2012.03.17"]
[Round "12.6"]
[White "Muse, Drazen"]
[Black "Teske, Henrik"]
[Result "0-1"]
[WhiteElo "2388"]
[BlackElo "2547"]
[PlyCount "81"]
[EventDate "2011.10.14"]

1. d4 Nf6 2. Nf3 g6 3. g3 Bg7 4. Bg2 O-O 5. O-O d5 6. c4 dxc4 7. Na3 Nc6 8.
Nxc4 Be6 9. b3 a5 10. Bb2 Bd5 11. Rc1 Ra6 12. a3 Qa8 13. e3 Rd8 14. Qc2 Ne4 15.
Rfd1 a4 16. b4 b5 17. Nce5 Nd6 18. Nxc6 Rxc6 19. Qe2 Rxc1 20. Bxc1 Nc4 21. Ne1
Bxg2 22. Nxg2 e5 23. dxe5 Bxe5 24. Ne1 Bc3 25. Rxd8+ Qxd8 26. Nd3 c6 27. h4 h5
28. e4 Ne5 29. Nxe5 Bxe5 30. Be3 Qd6 31. f4 Bd4 32. Qd3 Bxe3+ 33. Qxe3 Qd1+ 34.
Kf2 Qc2+ 35. Kf3 Kf8 36. Qd4 Qb3+ 37. Qe3 c5 38. bxc5 b4 39. c6 Ke7 40. c7 Kd7
41. Kf2 0-1

[Event "BL 1112 SK König Tegel - SC Remagen"]
[Site "Dresden"]
[Date "2012.03.17"]
[Round "12.7"]
[White "Popovic, Petar"]
[Black "Fruebing, Stefan"]
[Result "1/2-1/2"]
[WhiteElo "2485"]
[BlackElo "2373"]
[PlyCount "128"]
[EventDate "2011.10.14"]

1. e4 c5 2. Nf3 Nc6 3. d4 cxd4 4. Nxd4 g6 5. c4 Bg7 6. Be3 Nf6 7. Nc3 d6 8. Be2
O-O 9. O-O Bd7 10. Nb3 Be6 11. f3 Nd7 12. Qd2 Nc5 13. Rfd1 b6 14. Nd4 Bd7 15.
Nxc6 Bxc6 16. b3 Qd7 17. Rac1 Rfd8 18. Bf1 Rac8 19. Qf2 Qe8 20. Rc2 Qf8 21. Nd5
Re8 22. Qh4 h6 23. Rcd2 g5 24. Qf2 e6 25. Nb4 Bc3 26. Nxc6 Bxd2 27. Nxa7 Bxe3
28. Qxe3 Ra8 29. Nb5 Rxa2 30. b4 Nd7 31. e5 Qg7 32. Nc7 Rc8 33. exd6 Rc2 34.
Bd3 Rc3 35. Nb5 R3xc4 36. Bxc4 Rxc4 37. Qb3 Rc6 38. Qa4 Qf8 39. Qa7 Qc8 40. Nc7
Kf8 41. Qa1 Kg8 42. Qd4 Qf8 43. h4 Qg7 44. Qe4 Qc3 45. Nxe6 Nf6 46. d7 Nxe4 47.
d8=Q+ Kh7 48. Nf8+ Kg7 49. fxe4 Qe3+ 50. Kh1 Rc1 51. hxg5 hxg5 52. Rxc1 Qxc1+
53. Kh2 Qf4+ 54. g3 Qxe4 55. Qxg5+ Kxf8 56. Qd8+ Kg7 57. Qxb6 Qe2+ 58. Kg1 Qe1+
59. Kg2 Qe2+ 60. Kh1 Qf3+ 61. Kh2 Qe2+ 62. Kh3 Qh5+ 63. Kg2 Qe2+ 64. Qf2 Qe4+
1/2-1/2

[Event "BL 1112 SK König Tegel - SC Remagen"]
[Site "Dresden"]
[Date "2012.03.17"]
[Round "12.8"]
[White "Kachibadze, Georg"]
[Black "Kipper, Jens"]
[Result "1-0"]
[WhiteElo "2340"]
[BlackElo "2382"]
[PlyCount "79"]
[EventDate "2011.10.14"]

1. e4 e6 2. d4 d5 3. Nc3 Nf6 4. e5 Nfd7 5. f4 c5 6. Nf3 Nc6 7. Be3 Be7 8. Qd2
O-O 9. Be2 b6 10. O-O Bb7 11. Rad1 Rc8 12. Kh1 f5 13. Qe1 a6 14. Qf2 Qc7 15.
Rg1 cxd4 16. Nxd4 Nxd4 17. Bxd4 b5 18. Bd3 Nc5 19. Ne2 Ne4 20. Qe3 b4 21. g4
Bc5 22. Rg2 g6 23. Bxc5 Qxc5 24. Nd4 Kh8 25. gxf5 exf5 26. h4 Qe7 27. Qh3 Rc7
28. Kh2 Bc8 29. Rdg1 Qc5 30. Qe3 Qe7 31. Qe1 Qc5 32. Nf3 Qe7 33. h5 gxh5 34.
Ng5 Qe8 35. Qxb4 Rg7 36. e6 Qe7 37. Qd4 Rf6 38. Qe5 Nxg5 39. Rxg5 Rgg6 40. Rxg6
1-0

[Event "BL 1112 SC Eppingen - SV Wattenscheid"]
[Site "Eppingen"]
[Date "2012.03.17"]
[Round "12.1"]
[White "Bartel, Mateusz"]
[Black "Harikrishna, Pentala"]
[Result "1/2-1/2"]
[WhiteElo "2627"]
[BlackElo "2672"]
[PlyCount "55"]
[EventDate "2011.10.14"]

1. e4 e5 2. Nf3 Nc6 3. Bb5 Nf6 4. d3 d6 5. O-O Be7 6. h3 a6 7. Bxc6+ bxc6 8.
Nc3 c5 9. Ne2 c4 10. d4 Nxe4 11. dxe5 Bb7 12. exd6 Nxd6 13. Ne5 O-O 14. Ng3 Re8
15. Qg4 f5 16. Nxf5 Nxf5 17. Qxf5 Qd5 18. Qf3 Qxf3 19. Nxf3 Bf6 20. c3 Be4 21.
Bf4 Rab8 22. Rfe1 Rxb2 23. Nd2 Bg6 24. Rxe8+ Bxe8 25. Nxc4 Rc2 26. Ne3 Rxc3 27.
Nd5 Rc2 28. Re1 1/2-1/2

[Event "BL 1112 SC Eppingen - SV Wattenscheid"]
[Site "Eppingen"]
[Date "2012.03.17"]
[Round "12.2"]
[White "Berkes, Ferenc"]
[Black "Bogner, Sebastian"]
[Result "1-0"]
[WhiteElo "2706"]
[BlackElo "2534"]
[PlyCount "75"]
[EventDate "2011.10.14"]

1. c4 e5 2. Nc3 Nf6 3. Nf3 Nc6 4. g3 d5 5. cxd5 Nxd5 6. Bg2 Nb6 7. O-O Be7 8.
d3 O-O 9. Be3 Re8 10. Rc1 Bf8 11. a4 h6 12. Nd2 Nb4 13. a5 N6d5 14. Nxd5 Nxd5
15. Qb3 Nb4 16. Bc5 Bxc5 17. Rxc5 Na6 18. Rd5 Qf6 19. Ne4 Qe7 20. Qa3 Qxa3 21.
bxa3 c6 22. Rd6 Bg4 23. f3 Bf5 24. f4 exf4 25. gxf4 Rad8 26. Rb1 Bc8 27. Kf2
Kf8 28. Bf3 Ke7 29. Rxd8 Rxd8 30. h4 Rd5 31. h5 Rxa5 32. Rg1 Nc7 33. Rxg7 Nd5
34. Ng5 hxg5 35. h6 Bf5 36. e4 Nxf4 37. exf5 Kf8 38. f6 1-0

[Event "BL 1112 SC Eppingen - SV Wattenscheid"]
[Site "Eppingen"]
[Date "2012.03.17"]
[Round "12.3"]
[White "Czarnota, Pawel"]
[Black "Bologan, Victor"]
[Result "0-1"]
[WhiteElo "2554"]
[BlackElo "2657"]
[PlyCount "80"]
[EventDate "2011.10.14"]

1. e4 c6 2. d4 d5 3. Nc3 dxe4 4. Nxe4 Bf5 5. Ng3 Bg6 6. h4 h6 7. Nf3 Nd7 8. h5
Bh7 9. Bd3 Bxd3 10. Qxd3 e6 11. Bf4 Qa5+ 12. Bd2 Qc7 13. O-O-O O-O-O 14. c4
Ngf6 15. Ne4 c5 16. Nxf6 Nxf6 17. Bc3 cxd4 18. Bxd4 Bc5 19. Kb1 Bxd4 20. Nxd4
Qf4 21. f3 Rd7 22. Ne2 Qe5 23. Qc2 Rhd8 24. Nc3 Nxh5 25. Rxd7 Rxd7 26. Rd1 Qf5
27. Ne4 Rxd1+ 28. Qxd1 Ng3 29. Qd4 Nxe4 30. fxe4 Qf1+ 31. Kc2 Qxg2+ 32. Kb3
Qg3+ 33. Kb4 b6 34. e5 Qg2 35. a4 Qc6 36. Qf4 Qc7 37. Qe4 g5 38. Qh7 Kb7 39.
Qe4+ Qc6 40. Qh7 a5+ 0-1

[Event "BL 1112 SC Eppingen - SV Wattenscheid"]
[Site "Eppingen"]
[Date "2012.03.17"]
[Round "12.4"]
[White "Balogh, Csaba"]
[Black "Rustemov, Alexander"]
[Result "1/2-1/2"]
[WhiteElo "2662"]
[BlackElo "2537"]
[PlyCount "78"]
[EventDate "2011.10.14"]

1. e4 e6 2. d4 d5 3. Nd2 dxe4 4. Nxe4 Bd7 5. Nf3 Bc6 6. Bd3 Nd7 7. O-O Ngf6 8.
Ned2 Be7 9. Nc4 Bb5 10. c3 O-O 11. a4 Bxc4 12. Bxc4 a5 13. Bf4 Nd5 14. Bg3 c6
15. Re1 Re8 16. Qb3 Qb6 17. Qc2 Rad8 18. Rad1 Nf8 19. Ne5 Bd6 20. Ba2 Qc7 21.
Bb1 Ne7 22. Qb3 Neg6 23. h4 Nxe5 24. dxe5 Be7 25. h5 Rxd1 26. Rxd1 g6 27. hxg6
hxg6 28. Bf4 Rd8 29. Rxd8 Bxd8 30. Be3 Nd7 31. f4 Be7 32. Bxg6 Nxe5 33. fxe5
Qxe5 34. Bxf7+ Kxf7 35. Bf2 b5 36. Qd1 Qd5 37. Qxd5 exd5 38. axb5 cxb5 39. Kf1
a4 1/2-1/2

[Event "BL 1112 SC Eppingen - SV Wattenscheid"]
[Site "Eppingen"]
[Date "2012.03.17"]
[Round "12.5"]
[White "Appel, Ralf"]
[Black "Tiviakov, Sergei"]
[Result "1-0"]
[WhiteElo "2529"]
[BlackElo "2647"]
[PlyCount "95"]
[EventDate "2011.10.14"]

1. d4 Nf6 2. Nf3 e6 3. g3 b6 4. Bg2 Bb7 5. O-O Be7 6. c4 c6 7. Nc3 d5 8. Nd2
O-O 9. e4 Na6 10. a3 Nc7 11. Re1 a5 12. Rb1 dxc4 13. Nxc4 b5 14. Ne5 c5 15.
dxc5 Bxc5 16. Bf4 Qe7 17. Qb3 Nh5 18. Be3 Bxe3 19. Rxe3 Rab8 20. Rc1 Nf6 21.
Ne2 Qd6 22. Qc3 Rbc8 23. Nc6 Ng4 24. Na7 Nxe3 25. Nxc8 Bxc8 26. Qxe3 Na6 27. e5
Qb8 28. Nd4 Qb6 29. Rc6 Qb8 30. Rd6 b4 31. Nc6 Qc7 32. Qa7 Bb7 33. Ne7+ Qxe7
34. Rxa6 bxa3 35. bxa3 Qxa3 36. Bxb7 Qa1+ 37. Kg2 Qxe5 38. Rxa5 Qf6 39. Qc5 g6
40. h4 h5 41. Be4 Rd8 42. Ra3 Qd4 43. Qc6 Kg7 44. Rd3 Qf6 45. Rf3 Qd4 46. Rf4
Rd6 47. Qe8 Qa7 48. Bxg6 1-0

[Event "BL 1112 SC Eppingen - SV Wattenscheid"]
[Site "Eppingen"]
[Date "2012.03.17"]
[Round "12.6"]
[White "Braun, Arik"]
[Black "Handke, Florian"]
[Result "0-1"]
[WhiteElo "2560"]
[BlackElo "2518"]
[PlyCount "78"]
[EventDate "2011.10.14"]

1. d4 d5 2. c4 c6 3. Nf3 Nf6 4. Nc3 a6 5. a4 e6 6. Bg5 Be7 7. e3 O-O 8. Be2 a5
9. O-O Na6 10. Qb3 Nb4 11. Rac1 b6 12. cxd5 Nfxd5 13. Bxe7 Qxe7 14. Ne5 Bb7 15.
Rfd1 Rfd8 16. Bf1 Nf6 17. Na2 Nd7 18. Nxb4 Nxe5 19. Nd3 Nd7 20. Nc5 Nxc5 21.
dxc5 Rxd1 22. Qxd1 bxc5 23. Qb3 Ba6 24. Bxa6 Rxa6 25. Qb8+ Qf8 26. Qc7 h6 27.
g3 g6 28. Rc3 h5 29. Rb3 Ra8 30. Rb7 c4 31. Kg2 Qe8 32. e4 c5 33. Rb5 Rc8 34.
Qd6 Rc6 35. Qd2 Rc8 36. Qc3 Qc6 37. Qxc4 Qa8 38. f3 Qa7 39. b3 Qd7 0-1

[Event "BL 1112 SC Eppingen - SV Wattenscheid"]
[Site "Eppingen"]
[Date "2012.03.17"]
[Round "12.7"]
[White "Hirneise, Tobias"]
[Black "Guliyev, Namig"]
[Result "1/2-1/2"]
[WhiteElo "2446"]
[BlackElo "2554"]
[PlyCount "117"]
[EventDate "2011.10.14"]

1. d4 d5 2. c4 dxc4 3. e4 e5 4. Nf3 exd4 5. Bxc4 Bb4+ 6. Nbd2 Nc6 7. O-O Nf6 8.
e5 Nd5 9. Nb3 Nb6 10. Bb5 Qd5 11. Bxc6+ bxc6 12. a3 Be7 13. Nbxd4 O-O 14. Qc2
c5 15. Nb5 Qc6 16. Nc3 Bg4 17. Ng5 Qg6 18. Qxg6 hxg6 19. Nge4 Rfd8 20. Be3 Nd5
21. Nxd5 Rxd5 22. Rfc1 Rb8 23. Nxc5 Rxb2 24. Na6 Ra5 25. Rxc7 Bf8 26. h3 Be2
27. Nc5 Rc2 28. Nb3 Rxc7 29. Nxa5 a6 30. Rc1 Rxc1+ 31. Bxc1 f6 32. exf6 gxf6
33. Bb2 Kf7 34. Nb3 Be7 35. f3 Bc4 36. Nd2 Bc5+ 37. Kh2 Bd3 38. Ne4 Be7 39. g4
f5 40. gxf5 gxf5 41. Nf2 Be2 42. Kg3 Bd6+ 43. Kg2 a5 44. Nh1 a4 45. Ng3 Bd3 46.
Kf2 Bc5+ 47. Ke1 Kg6 48. Kd2 Bb5 49. Ke1 Be7 50. Kf2 Bh4 51. Kg2 f4 52. Ne4 Be7
53. Nc3 Bf6 54. Nd1 Be2 55. Bxf6 Bxd1 56. Bc3 Bb3 57. Bd2 Kf5 58. Kf2 Bf7 59.
Bc1 1/2-1/2

[Event "BL 1112 SC Eppingen - SV Wattenscheid"]
[Site "Eppingen"]
[Date "2012.03.17"]
[Round "12.8"]
[White "Medvegy, Zoltan"]
[Black "Dinstuhl, Volkmar Dr"]
[Result "1/2-1/2"]
[WhiteElo "2531"]
[BlackElo "2408"]
[PlyCount "81"]
[EventDate "2011.10.14"]

1. c4 e5 2. g3 Nf6 3. Bg2 d5 4. cxd5 Nxd5 5. Nc3 Nb6 6. Nf3 Nc6 7. O-O Be7 8.
a3 O-O 9. b4 f6 10. d3 Be6 11. Ne4 a5 12. Nc5 Bxc5 13. bxc5 Nd5 14. Bb2 Qd7 15.
Rb1 Rfd8 16. Ba1 Ra7 17. Qc2 Bh3 18. Bxh3 Qxh3 19. Rb5 a4 20. Rfb1 Qc8 21. d4
exd4 22. Bxd4 Qg4 23. Rd1 Nde7 24. Be3 Rxd1+ 25. Qxd1 Qc4 26. Qd7 Ra8 27. Rb2
Rd8 28. Qxc7 Nd5 29. Qxb7 Na5 30. Qb5 Nxe3 31. fxe3 Qc1+ 32. Kf2 Nc4 33. Ra2
Qxe3+ 34. Kg2 Qb3 35. Qxb3 axb3 36. Ra1 Rc8 37. Rb1 b2 38. Ne1 Rxc5 39. Nd3 Rb5
40. a4 Rb3 41. a5 1/2-1/2

[Event "BL 1112 SV Hockenheim - Hansa Dortmund"]
[Site "Eppingen"]
[Date "2012.03.17"]
[Round "12.2"]
[White "Baramidze, David"]
[Black "Henrichs, Thomas"]
[Result "1-0"]
[WhiteElo "2591"]
[BlackElo "2473"]
[PlyCount "85"]
[EventDate "2011.10.14"]

1. d4 Nf6 2. c4 e6 3. Nc3 Bb4 4. Nf3 d5 5. cxd5 exd5 6. Bg5 O-O 7. e3 c5 8.
dxc5 Nbd7 9. Rc1 Qa5 10. a3 Bxc3+ 11. Rxc3 Ne4 12. b4 Nxc3 13. Qa1 Qa4 14. Qxc3
Qc6 15. Be7 Re8 16. Bd6 d4 17. Nxd4 Qe4 18. Qd3 Nf6 19. Nb5 Qxd3 20. Bxd3 Nd5
21. Kd2 a6 22. Nd4 Bd7 23. e4 Ne7 24. f4 Nc6 25. Ne2 Rad8 26. Nc3 f5 27. e5 Be6
28. Rb1 Kf7 29. a4 g5 30. g4 gxf4 31. gxf5 Nxe5 32. fxe6+ Rxe6 33. Ne4 Rg8 34.
Rf1 Rg4 35. h3 Rg2+ 36. Kc3 Nxd3 37. Kxd3 Rh6 38. Rxf4+ Ke6 39. h4 Ra2 40. Kc4
Rxa4 41. Ng5+ Kd7 42. Kd5 a5 43. Rf7+ 1-0

[Event "BL 1112 SV Hockenheim - Hansa Dortmund"]
[Site "Eppingen"]
[Date "2012.03.17"]
[Round "12.3"]
[White "Kohlweyer, Bernd"]
[Black "Saric, Ivan"]
[Result "1/2-1/2"]
[WhiteElo "2458"]
[BlackElo "2643"]
[PlyCount "100"]
[EventDate "2011.10.14"]

1. d4 Nf6 2. c4 g6 3. Nc3 Bg7 4. e4 d6 5. Be2 O-O 6. Be3 e5 7. d5 Na6 8. g4 Nc5
9. Bf3 a5 10. h4 Bd7 11. g5 Ne8 12. h5 c6 13. Qd2 Nc7 14. Nge2 b5 15. cxb5 cxb5
16. Ng3 b4 17. Nce2 Bb5 18. hxg6 Nd3+ 19. Kf1 fxg6 20. Kg2 Qd7 21. Rh4 Qf7 22.
Bg4 Nxf2 23. Rf1 Nxg4 24. Rxf7 Nxe3+ 25. Qxe3 Rxf7 26. Rh1 Raf8 27. Rf1 Rxf1
28. Nxf1 Na6 29. Nfg3 Nc5 30. a3 b3 31. Qd2 a4 32. Qb4 Rf2+ 33. Kg1 Rxe2 34.
Qxb5 Rxb2 35. Nf5 gxf5 36. Qe8+ Bf8 37. g6 hxg6 38. Qxg6+ Bg7 39. Qe8+ Kh7 40.
Qh5+ Kg8 41. Qe8+ Bf8 42. Qg6+ Kh8 43. exf5 Nd7 44. f6 Nxf6 45. Qxf6+ Bg7 46.
Qh4+ Kg8 47. Qxa4 Bf6 48. Qe8+ Kg7 49. Qd7+ Kg6 50. Qg4+ Kf7 1/2-1/2

[Event "BL 1112 SV Hockenheim - Hansa Dortmund"]
[Site "Eppingen"]
[Date "2012.03.17"]
[Round "12.4"]
[White "Neubauer, Martin"]
[Black "Schmittdiel, Eckhard"]
[Result "0-1"]
[WhiteElo "2431"]
[BlackElo "2466"]
[PlyCount "75"]
[EventDate "2011.10.14"]

1. d4 Nf6 2. c4 e6 3. Nf3 c5 4. d5 exd5 5. cxd5 g6 6. Nc3 Bg7 7. Bf4 Qa5 8. Nd2
b5 9. e3 a6 10. Be2 Bb7 11. O-O O-O 12. e4 Ne8 13. a4 b4 14. Nc4 Qd8 15. Nb1 d6
16. a5 Qe7 17. Nbd2 Nd7 18. f3 f5 19. Qe1 g5 20. Bg3 f4 21. Bf2 Nc7 22. Bd1 Nb5
23. Ba4 Rae8 24. Qb1 h5 25. h3 Bc8 26. Qd3 Rf6 27. e5 dxe5 28. Ne4 Rh6 29. d6
Qd8 30. Nxc5 Nxc5 31. Bxc5 g4 32. d7 Bxd7 33. Rfd1 Qc8 34. Bf2 Bf5 35. Qe2 g3
36. Bb6 Bf8 37. Rd5 Rc6 38. b3 0-1

[Event "BL 1112 SV Hockenheim - Hansa Dortmund"]
[Site "Eppingen"]
[Date "2012.03.17"]
[Round "12.5"]
[White "Klyuner, Vyacheslav"]
[Black "Boguslavsky, Oleg"]
[Result "1/2-1/2"]
[WhiteElo "2428"]
[BlackElo "2467"]
[PlyCount "43"]
[EventDate "2011.10.14"]

1. e4 e5 2. Nf3 Nc6 3. Nc3 Nf6 4. d4 exd4 5. Nxd4 Bc5 6. Be3 Bb6 7. Bc4 O-O 8.
Nxc6 bxc6 9. Bxb6 axb6 10. O-O b5 11. Bd3 b4 12. Ne2 Re8 13. Ng3 c5 14. Re1 d6
15. e5 dxe5 16. Rxe5 Bg4 17. Rxe8+ Qxe8 18. Qc1 Qe5 19. a4 Be6 20. b3 g6 21.
Qf1 c4 22. Bxc4 1/2-1/2

[Event "BL 1112 SV Hockenheim - Hansa Dortmund"]
[Site "Eppingen"]
[Date "2012.03.17"]
[Round "12.6"]
[White "Ribli, Zoltan"]
[Black "Wegener, Olaf"]
[Result "1-0"]
[WhiteElo "2588"]
[BlackElo "2423"]
[PlyCount "56"]
[EventDate "2011.10.14"]

1. c4 Nf6 2. Nc3 e6 3. e4 c5 4. Nf3 Nc6 5. Be2 d5 6. exd5 exd5 7. d4 cxd4 8.
Nxd4 dxc4 9. Nxc6 Qxd1+ 10. Nxd1 bxc6 11. Bxc4 Bb4+ 12. Bd2 Bxd2+ 13. Kxd2 Ne4+
14. Ke2 Nd6 15. Bd3 Be6 16. Ne3 a5 17. Rac1 Kd7 18. Rhd1 Bxa2 19. Bc4 Bxc4+ 20.
Nxc4 Rae8+ 21. Kf1 Re6 22. Nxa5 Rc8 23. b4 Rc7 24. Rc2 Rc8 25. g3 g5 26. Nb3
Rf6 27. Nc5+ Kc7 28. Re2 Nf5 1-0

[Event "BL 1112 SV Hockenheim - Hansa Dortmund"]
[Site "Eppingen"]
[Date "2012.03.17"]
[Round "12.7"]
[White "Karger, Frank"]
[Black "Rau, Hannes"]
[Result "0-1"]
[WhiteElo "2233"]
[BlackElo "2464"]
[PlyCount "80"]
[EventDate "2011.10.14"]

1. d4 Nf6 2. c4 e6 3. Nc3 Bb4 4. f3 c5 5. d5 d6 6. e4 Bxc3+ 7. bxc3 e5 8. Bd3
Nbd7 9. Ne2 h6 10. Be3 Qe7 11. Qd2 Kd8 12. O-O Nh5 13. g4 Nhf6 14. Ng3 Ng8 15.
f4 g6 16. Be2 exf4 17. Bxf4 f6 18. h4 Ne5 19. Bxe5 fxe5 20. Kg2 Bd7 21. h5 g5
22. Nf5 Bxf5 23. Rxf5 Nf6 24. Raf1 Rf8 25. Bd3 Kc7 26. Kg3 Nd7 27. Re1 Rae8 28.
Bc2 Rxf5 29. exf5 Nf6 30. Be4 Kc8 31. Kf3 Qc7 32. Qb2 Qa5 33. Rb1 Qa6 34. a4
Nxe4 35. Kxe4 Qxc4+ 36. Ke3 Qf4+ 37. Kd3 c4+ 38. Kc2 Qe4+ 39. Kc1 Qh1+ 40. Kc2
Qxd5 0-1

[Event "BL 1112 SV Hockenheim - Hansa Dortmund"]
[Site "Eppingen"]
[Date "2012.03.17"]
[Round "12.8"]
[White "Schrepp, Martin Dr"]
[Black "Bluebaum, Matthias"]
[Result "0-1"]
[WhiteElo "2268"]
[BlackElo "2388"]
[PlyCount "60"]
[EventDate "2011.10.14"]

1. d4 d5 2. Nf3 Nf6 3. Bg5 Ne4 4. Bh4 c5 5. dxc5 Qa5+ 6. Nbd2 Nc6 7. e3 Bg4 8.
Be2 Qb4 9. c4 Rd8 10. Qc2 g5 11. a3 Qa5 12. Bg3 Bf5 13. Qc1 dxc4 14. Bxc4 Bg7
15. b4 Nxb4 16. O-O Nxd2 17. Nxd2 Nc2 18. Nb3 Qa4 19. Rb1 Qxc4 20. Na5 Qa4 21.
Nxb7 Rc8 22. e4 Qxe4 23. Nd6+ exd6 24. Bxd6 f6 25. Rb4 Qc6 26. Qb1 Kf7 27. Qb3+
Kg6 28. Rb7 Qe8 29. Rxa7 Qg8 30. Qb7 Ra8 0-1

[Event "BL 1112 Hamburger SK - SV Mülheim Nord"]
[Site "Hamburg"]
[Date "2012.03.17"]
[Round "12.1"]
[White "Vachier-Lagrave, Maxime"]
[Black "Wojtaszek, Radoslav"]
[Result "1/2-1/2"]
[WhiteElo "2715"]
[BlackElo "2704"]
[PlyCount "73"]
[EventDate "2011.10.14"]

1. d4 Nf6 2. c4 e6 3. Nc3 Bb4 4. e3 O-O 5. Bd3 b6 6. Nge2 d5 7. O-O dxc4 8.
Bxc4 Bb7 9. a3 Bd6 10. Ng3 c5 11. dxc5 Bxc5 12. b4 Qxd1 13. Rxd1 Be7 14. Bb2
Nbd7 15. Nce4 Rfd8 16. Nd6 Bd5 17. Ndf5 Bxc4 18. Nxe7+ Kf8 19. Nc6 Rdc8 20. Ne5
Nxe5 21. Bxe5 Ne8 22. Ne4 f6 23. Bb2 Ke7 24. a4 Bb3 25. Rd2 Rc4 26. f3 Rc2 27.
a5 Rxd2 28. Nxd2 Bd5 29. e4 Bb7 30. Bd4 e5 31. Be3 bxa5 32. b5 Nd6 33. Rxa5 a6
34. Bc5 axb5 35. Rxb5 Bc6 36. Rb3 Ke6 37. Ra3 1/2-1/2

[Event "BL 1112 Hamburger SK - SV Mülheim Nord"]
[Site "Hamburg"]
[Date "2012.03.17"]
[Round "12.2"]
[White "Ghaem Maghami, Ehsan"]
[Black "Fridman, Daniel"]
[Result "1-0"]
[WhiteElo "2583"]
[BlackElo "2652"]
[PlyCount "101"]
[EventDate "2011.10.14"]

1. e4 e6 2. d3 c5 3. Nf3 Nc6 4. g3 g6 5. Bg2 Bg7 6. O-O Nge7 7. c3 O-O 8. Re1
e5 9. a3 d6 10. b4 Bg4 11. Be3 b6 12. h3 Be6 13. Nbd2 h6 14. Nc4 Qd7 15. Qc1
Kh7 16. b5 Nd8 17. a4 Rb8 18. Qd1 f5 19. exf5 gxf5 20. Qe2 Ng6 21. h4 d5 22. h5
dxc4 23. hxg6+ Kxg6 24. dxc4 Qf7 25. Qc2 Kh7 26. Nh4 Kg8 27. f4 Bxc4 28. fxe5
Ne6 29. Bf4 Ng5 30. e6 Bxe6 31. Bxb8 Rxb8 32. Rf1 Rf8 33. Rae1 c4 34. Kh2 Qd7
35. Rd1 Qc8 36. Bd5 f4 37. Nf5 fxg3+ 38. Kxg3 Be5+ 39. Kg2 Bxd5+ 40. Rxd5 Qb7
41. Ne3 Rxf1 42. Qg6+ Qg7 43. Qxg7+ Bxg7 44. Kxf1 Ne4 45. Rd8+ Bf8 46. Ra8 Nxc3
47. Rxa7 Bc5 48. Nxc4 Kf8 49. a5 Nxb5 50. Ra8+ Ke7 51. axb6 1-0

[Event "BL 1112 Hamburger SK - SV Mülheim Nord"]
[Site "Hamburg"]
[Date "2012.03.17"]
[Round "12.3"]
[White "Landa, Konstantin"]
[Black "Zherebukh, Yaroslaw"]
[Result "1/2-1/2"]
[WhiteElo "2639"]
[BlackElo "2580"]
[PlyCount "103"]
[EventDate "2011.10.14"]

1. d4 d5 2. c4 c6 3. cxd5 cxd5 4. Bf4 Nc6 5. e3 Nf6 6. Nc3 a6 7. Bd3 Bg4 8.
Nge2 e6 9. Rc1 Be7 10. O-O O-O 11. f3 Bh5 12. Na4 Bg6 13. a3 Nd7 14. b4 e5 15.
dxe5 Ndxe5 16. Bxg6 Nxg6 17. Nc5 Bxc5 18. Rxc5 Qe7 19. Re1 a5 20. Rxd5 Nxf4 21.
Nxf4 axb4 22. Rd7 Qc5 23. axb4 Nxb4 24. Qb3 b5 25. Rb1 Nc2 26. Nd5 Na3 27. Rc7
Qd6 28. Rd1 Kh8 29. Rcc1 Qa6 30. Ra1 Qa4 31. Rd3 Qxb3 32. Rxb3 Rad8 33. e4 Nc2
34. Ra2 Nd4 35. Rb4 Ne6 36. Rxb5 f5 37. h4 fxe4 38. fxe4 Rfe8 39. Rb4 Nc5 40.
Nc3 Nd3 41. Rc4 Ne5 42. Rc5 Ng4 43. Ra4 h6 44. Nd5 Rb8 45. Rc1 Rb2 46. Re1 Kh7
47. Nf4 Rd2 48. Nh5 Re5 49. Ng3 Rb5 50. Nf1 Rdb2 51. Rd4 Rh5 52. e5 1/2-1/2